| 000 | 00714nam a22002057a 4500 | ||
|---|---|---|---|
| 005 | 20100604101816.0 | ||
| 008 | 100604t xxu||||| |||| 00| 0 eng d | ||
| 010 | _aENG-96297 | ||
| 020 |
_a9788178795812 _c195.00 |
||
| 035 | _aEN-79830 | ||
| 037 | _bDBAD/PUB | ||
| 040 |
_aDPL _bEng |
||
| 082 | _a613.7046 | ||
| 100 | _aSrivastava, A.K. | ||
| 245 |
_aHealth and yoga / _cedited and compiled by A.K. Srivastava |
||
| 260 |
_aNew Delhi _bSports Publication _c2010 |
||
| 300 |
_a108p.: _bill. _c22 cm. (Hb) |
||
| 942 |
_2ddc _cEN _h613.7046 _mHEA |
||
| 999 |
_c36569 _d36569 |
||